00675nam a2200193Ia 4500008004100000020001400041082001200055100004900067245004000116250000800156260004800164300002900212500002100241600003300262650003400295942000700329952013000336999001500466240925s9999 xx 000 0 und d a534175295 a540 HEI aHein, Morris; Best ,Leo R.; Miner ,Robert L. 0aCollege Chemistry in The Laboratory a5th aCalifornia:bBrook/ Cale Publishingc,1992. axxii,586p.bNAfOriginal aInclude Appendix aHumanities & Natural Science aChemistry and allied sciences cBK 001040708HUMaUITUbUITUd1995-01-22eRoyal Book Company g1300.00l0o540 HEIpQ0495r2024-09-25 07:12:06w2024-09-25yBK c2994d2994